Normal view
MARC view
- Public speaking - Problems,exercises - Oral Communication - English Language
Entry Topical Term
001 - CONTROL NUMBER
- control field: 2145
003 - CONTROL NUMBER IDENTIFIER
- control field: JO-AjAnu
005 - DATE AND TIME OF LATEST TRANSACTION
- control field: 20230606070645.0
008 - FIXED-LENGTH DATA ELEMENTS
- fixed length control field: 230606|| aca||aabn | a|a d
040 ## - CATALOGING SOURCE
- Original cataloging agency: JO-AjAnu
- Transcribing agency: JO-AjAnu
150 ## - HEADING--TOPICAL TERM
- Topical term or geographic name entry element: Public speaking - Problems,exercises - Oral Communication - English Language
670 ## - SOURCE DATA FOUND
- Source citation: Work cat.: (JO-AjAnu)1125: C.Wolf, James , Dale, Paulette , author 2144, SPEECH COMMUNICATION MADE SIMPLE